Ensayos sobre metodología sociológica / (Record no. 19788)

MARC details
000 -CABECERA
campo de control de longitud fija 00622nam a2200205 a 4500
005 - FECHA Y HORA DE LA ÚLTIMA TRANSACCIÓN
campo de control 20241029063708.0
008 - ELEMENTOS DE LONGITUD FIJA--INFORMACIÓN GENERAL
campo de control de longitud fija 991125s19732001bue 000 0 spa u
020 ## - NÚMERO INTERNACIONAL NORMALIZADO PARA LIBROS
Número Internacional Estándar del Libro 9505180446
035 ## - NÚMERO DE CONTROL DEL SISTEMA
Número de control de sistema UPN01000019788
049 ## - COLECCIÓN
Colección CG
050 #4 - SIGNATURA TOPOGRÁFICA DE LA BIBLIOTECA DEL CONGRESO
Número de clasificación HM24
Número de documento/Ítem W4.38
100 1# - ASIENTO PRINCIPAL--NOMBRE PERSONAL
Nombre de persona Weber, Max,
Fechas asociadas al nombre 1864-1920
245 10 - MENCIÓN DE TÍTULO
Título Ensayos sobre metodología sociológica /
Mención de responsabilidad, etc. Max Weber ; tr. José Luis Etcheverry.
260 ## - PUBLICACIÓN, DISTRIBUCIÓN, ETC.
Lugar de publicación, distribución, etc. Buenos Aires :
Nombre del editor, distribuidor, etc. Amorrortu,
Fecha de publicación, distribución, etc. 1973 (2001 impr.)
300 ## - DESCRIPCIÓN FÍSICA
Extensión 269 p.
440 #0 - MENCIÓN DE SERIE/ASIENTO SECUNDARIO--TÍTULO
Título Biblioteca de sociología
650 #2 - ASIENTO SECUNDARIO DE MATERIA - TERMINO TEMATICO
Término de materia o nombre geográfico como elemento de entrada Sociología
Subdivisión general Filosofía
9 (RLIN) 8941
650 #4 - ASIENTO SECUNDARIO DE MATERIA - TERMINO TEMATICO
Término de materia o nombre geográfico como elemento de entrada Sociología
Subdivisión general Metodología
9 (RLIN) 5759
905 ## - TIPO DE MATERIAL
Tipo de material Libro
Holdings
Estado de retiro Estado de pérdida Fuente del sistema de clasificación o colocación Estado dañado Restricciones de uso No para préstamo Código de colección Localización permanente Ubicación/localización actual Ubicación en estantería Fecha de adquisición Total de préstamos Clasificación Código de barras Fecha visto por última vez Número de copia Tipo de ítem Koha Fecha del último préstamo
    Library of Congress Classification   Préstamo por horas   Bibliografía básica Bib. Gregorio Torres Quintero Bib. Gregorio Torres Quintero Colecciones especiales Planta alta 30/01/2023 6 HM24 W4.38 269034 31/12/2020 1 Libro por horas  
    Library of Congress Classification       Colección General Bib. Gregorio Torres Quintero Bib. Gregorio Torres Quintero Planta baja 24/03/2023 12 HM24 W4.38 245122 25/11/2024 1 Libro 14/11/2024
    Library of Congress Classification       Colección General Bib. Gregorio Torres Quintero Bib. Gregorio Torres Quintero Planta baja 27/03/2023 16 HM24 W4.38 245121 29/03/2023 1 Libro 27/03/2023
    Library of Congress Classification       Colección General Bib. Gregorio Torres Quintero Bib. Gregorio Torres Quintero Planta baja   7 HM24 W4.38 245119 31/12/2020 1 Libro  
    Library of Congress Classification       Colección General Bib. Gregorio Torres Quintero Bib. Gregorio Torres Quintero Planta baja     HM24 W4.38 20510 31/12/2020 1 Libro  
    Library of Congress Classification       Colección General Bib. Gregorio Torres Quintero Bib. Gregorio Torres Quintero Planta baja     HM24 W4.38 20512 31/12/2020 1 Libro  
    Library of Congress Classification       Colección General Bib. Gregorio Torres Quintero Bib. Gregorio Torres Quintero Planta baja     HM24 W4.38 90783 31/12/2020 1 Libro  
    Library of Congress Classification       Colección General Bib. Gregorio Torres Quintero Bib. Gregorio Torres Quintero Planta baja 01/03/2023 18 HM24 W4.38 236802 29/03/2023 1 Libro 27/03/2023